| 000 | 00712nam a22002177a 4500 | ||
|---|---|---|---|
| 999 |
_c20716 _d20716 |
||
| 003 | AR-CdUCM | ||
| 008 | 190604b ||||| |||| 00| 0 spa d | ||
| 040 |
_aMUNICIPALIDAD PROVINCIAL DEL CUSCO _cBIBLIOTECA MUNICIPAL DEL CUSCO |
||
| 082 |
_a070 / _bM17 |
||
| 100 |
_aMainar, Rafael _943271 |
||
| 245 | _aEl arte del periodista / | ||
| 260 |
_aBarcelona : _bManuales Soler, _c1906. |
||
| 300 |
_a217 páginas ; _c17 cm. |
||
| 505 | _aContenido: Para empezar -- Ideas preliminares -- Fundación de un periódico... | ||
| 650 |
_aEscritura _94757 |
||
| 650 |
_aPeriódico _932127 |
||
| 650 |
_aSiglo XX _98 |
||
| 700 |
_aPrologo: Roig y Bergada, José _943272 |
||
| 942 |
_2ddc _cLIBROS |
||
| 945 | _aJavier | ||